<?xml version="1.0" encoding="UTF-8"?><?xml-stylesheet type="text/xsl" href="static/style.xsl"?><OAI-PMH xmlns="http://www.openarchives.org/OAI/2.0/" xmlns:xsi="http://www.w3.org/2001/XMLSchema-instance" xsi:schemaLocation="http://www.openarchives.org/OAI/2.0/ http://www.openarchives.org/OAI/2.0/OAI-PMH.xsd"><responseDate>2026-04-14T15:54:08Z</responseDate><request verb="GetRecord" identifier="oai:uvadoc.uva.es:10324/19829" metadataPrefix="marc">https://uvadoc.uva.es/oai/request</request><GetRecord><record><header><identifier>oai:uvadoc.uva.es:10324/19829</identifier><datestamp>2021-06-30T07:02:06Z</datestamp><setSpec>com_10324_5191</setSpec><setSpec>com_10324_5186</setSpec><setSpec>com_10324_29291</setSpec><setSpec>col_10324_5193</setSpec></header><metadata><record xmlns="http://www.loc.gov/MARC21/slim" xmlns:doc="http://www.lyncode.com/xoai" xmlns:xsi="http://www.w3.org/2001/XMLSchema-instance" xmlns:dcterms="http://purl.org/dc/terms/" xsi:schemaLocation="http://www.loc.gov/MARC21/slim http://www.loc.gov/standards/marcxml/schema/MARC21slim.xsd">
<leader>00925njm 22002777a 4500</leader>
<datafield tag="042" ind1=" " ind2=" ">
<subfield code="a">dc</subfield>
</datafield>
<datafield tag="720" ind1=" " ind2=" ">
<subfield code="a">Gutiérrez Díez, Pedro José</subfield>
<subfield code="e">author</subfield>
</datafield>
<datafield tag="720" ind1=" " ind2=" ">
<subfield code="a">Rodríguez Palmero, Carlos</subfield>
<subfield code="e">author</subfield>
</datafield>
<datafield tag="260" ind1=" " ind2=" ">
<subfield code="c">2010</subfield>
</datafield>
<datafield tag="024" ind2=" " ind1="8">
<subfield code="a">Anales de estudios económicos y empresariales, 2010, N.20, pags.263-281</subfield>
</datafield>
<datafield tag="024" ind2=" " ind1="8">
<subfield code="a">0213-7569</subfield>
</datafield>
<datafield tag="024" ind2=" " ind1="8">
<subfield code="a">http://uvadoc.uva.es/handle/10324/19829</subfield>
</datafield>
<datafield tag="024" ind2=" " ind1="8">
<subfield code="a">263</subfield>
</datafield>
<datafield tag="024" ind2=" " ind1="8">
<subfield code="a">20</subfield>
</datafield>
<datafield tag="024" ind2=" " ind1="8">
<subfield code="a">281</subfield>
</datafield>
<datafield ind1=" " ind2=" " tag="653">
<subfield code="a">Economía política</subfield>
</datafield>
<datafield ind1=" " ind2=" " tag="653">
<subfield code="a">Economía de empresa</subfield>
</datafield>
<datafield tag="245" ind1="0" ind2="0">
<subfield code="a">An asymptotic algebraic solution to a Romer endogenous growth model</subfield>
</datafield>
</record></metadata></record></GetRecord></OAI-PMH>